Statistiques concernant Culture Générale - Série 1973

Cliquez ici pour prendre le quiz!

Statistiques générales

  • Ce quiz a été pris 44 fois
  • Le résultat moyen est 5 sur 10

Statistiques - réponses

QuestionRéponse% Correct
Quel verbe familier, commençant par "z", synonyme de "reluquer", signifie "Jeter un coup d'œil pour observer, regarder (qqch., qqn)" ?zieuter
91%
De quel pays Kuala Lumpur est-elle la capitale ?Malaisie
86%
Dans quel département français se trouve la ville de Dole ?Jura
67%
Quel adjectif désigne un objet "finement découpé" ?ciselé
56%
Dans quelle province italienne se trouve la ville de Côme ?Lombardie
49%
Dans la mythologie grecque, quelle est la muse de la poésie lyrique ?Erato
44%
Comment appelle-t-on plus couramment le chanvre indien ?cannabis
42%
Quel adjectif désuet, synonyme de "adéquat", signifie " qui convient parfaitement, approprié" ?idoine
33%
Chien originaire d’Angleterre, de taille petite à moyenne - voir photobeagle
30%
Opération consistant à rendre la surface d'un corps légèrement rugueuse en vue d'un travail ultérieur.grenage
0%

Distribution des résultats

Percentile par nombre de réponses

% des personnes avec chaque résultat

Votre développement - résultats

Vous n’avez pas pris ce quiz